000 00417nam a22001817a 4500
003 MPLRDC
005 20220104113925.0
008 210129b ||||| |||| 00| 0 eng d
082 _a848.2 YXY-5
100 _a杨小云著
245 _a我十八岁
_c
250 _a五版
260 _a
_b星光出版社
_c1983
300 _b
490 _a银河书系
650 _a现代别集
942 _cBK
_o848.2 YXY-5
999 _c3422
_d3412